Classement des Classes Prépas Commerciales ECG - Statistiques

Statistiques générales
  • Ce quiz a été pris 121 fois
  • Le résultat moyen est 13 sur 50
Statistiques - réponses
Classement Commune Etablissement % Correct
4 Paris Henri VI
86%
1 Paris Louis le Grand
86%
3 Versailles Sainte Geneviève
79%
13 Versailles Hoche
62%
5 Paris Stanislas
58%
20 Cannes Stanislas
58%
10 Paris Saint-Louis
51%
18 Lyon Le Parc
50%
2 Rueil-Malmaison Madeleine Daniélou
49%
14 Paris Janson de Sailly
47%
16 Douai Saint-Jean
45%
7 Versailles Notre-Dame du Grandchamp
41%
6 Lyon Sainte-Marie
41%
28 Toulouse Pierre de Fermat
35%
15 Sceaux Lakanal
34%
34 Bordeaux Montaigne
33%
40 Paris Montaigne
33%
11 Paris Saint-Jean de Passy
32%
9 Paris Saint-Louis de Gonzague
29%
21 Vanves Michelet
28%
24 Rennes Chateaubriand
26%
25 Lyon Les Chartreux
25%
35 Paris Carnot
21%
27 Neuilly-sur-Seine Notre Dame de Sainte Croix
20%
45 Paris Chaptal
19%
22 Montpellier Joffre
19%
47 Lille Saint Paul
19%
8 Paris Ipesup
18%
17 Paris Intégrale
17%
33 Grenoble Champollion
16%
26 Lyon Ampère
15%
36 Versailles La Bruyère
14%
41 Paris Lavoisier
14%
12 Paris La Prépa Autrement
12%
37 Toulouse Ozenne
12%
44 Strasbourg Kléber
10%
38 Saint-Maur-des-Fossés Marcelin Berthelot
10%
23 Paris Saint Michel du Picpus
10%
32 Nantes Nelson Mandela
9%
50 Antony Descartes
8%
19 Paris MyPrepa
8%
49 Lyon Saint Just
8%
29 Paris Commercia
6%
43 Marseille Saint Charles
6%
42 Angers Henri Bergson
4%
30 Lyon Notre Dame des Minimes
4%
39 Bayonne René Cassin
3%
31 Nantes Chavagnes
2%
46 Valbonne Lycée international de Valbonne
2%
48 Rennes Saint Vincent-Providence
2%
Aucun quiz correspondant
Distribution des résultats
% des personnes avec chaque résultat
Percentile par nombre de réponses
Votre historique - résultats
Vous n’avez pas pris ce quiz